Central Library OPAC University of Rajshahi

The road to serfdom / (Record no. 42477)

MARC details
000 -LEADER
fixed length control field 00710nam a2200253 a 4500
001 - CONTROL NUMBER
control field 42477
003 - CONTROL NUMBER IDENTIFIER
rucl marc code BD-RjUL
005 - DATE AND TIME OF LATEST TRANSACTION
control field 20211209053540.0
008 - FIXED-LENGTH DATA ELEMENTS--GENERAL INFORMATION
fixed length control field 160613s1944 enk b 001 0 eng
035 ## - SYSTEM CONTROL NUMBER
System control number (BD-RjUL)42595
040 ## - CATALOGING SOURCE
Original cataloging agency DLC
Transcribing agency NGH
Modifying agency NGH
-- OCoLC
-- DLC
-- BD-RjUL
Language of cataloging eng
041 ## - LANGUAGE CODE
Language code of text/sound track or separate title eng
082 ## - DEWEY DECIMAL CLASSIFICATION NUMBER
Classification number 338.91
Edition number 23
Author mark and year HAR 1944
100 1# - MAIN ENTRY--PERSONAL NAME
Personal name Hayek, F. A.
9 (RLIN) 130653
245 14 - TITLE STATEMENT
Title The road to serfdom /
Statement of responsibility, etc. by F.A. Hayek.
250 ## - EDITION STATEMENT
Edition statement (Abridged ed.)
260 ## - PUBLICATION, DISTRIBUTION, ETC. (IMPRINT)
Place of publication, distribution, etc. London :
Name of publisher, distributor, etc. G. Routledge & sons,
Date of publication, distribution, etc. 1944
300 ## - PHYSICAL DESCRIPTION
Pagination 95 p. ;
Size 22 cm.
500 ## - GENERAL NOTE
General note "First published 1944."
504 ## - BIBLIOGRAPHY, ETC. NOTE
Bibliography, etc Includes Bibliography
650 #0 - SUBJECT ADDED ENTRY--TOPICAL TERM
Topical term or geographic name as entry element Economic policy.
9 (RLIN) 130654
Topical term or geographic name as entry element Totalitarianism.
9 (RLIN) 130655
942 ## - ADDED ENTRY ELEMENTS (KOHA)
Source of classification or shelving scheme Dewey Decimal Classification
Koha item type Books
Holdings
Lost status Source of classification or shelving scheme Damaged status Not for loan Collection code Permanent Location Current Location Shelving location Date acquired Total Checkouts Full call number Date last seen Copy number Koha item type
  Dewey Decimal Classification     Non-fiction Central Library, University of Rajshahi Central Library, University of Rajshahi   13/06/2016   338.91 HAR 1944 13/06/2016 C-2 Books